<?xml version="1.0" encoding="UTF-8"?><?xml-stylesheet type="text/xsl" href="static/style.xsl"?><OAI-PMH xmlns="http://www.openarchives.org/OAI/2.0/" xmlns:xsi="http://www.w3.org/2001/XMLSchema-instance" xsi:schemaLocation="http://www.openarchives.org/OAI/2.0/ http://www.openarchives.org/OAI/2.0/OAI-PMH.xsd"><responseDate>2026-04-17T02:02:30Z</responseDate><request verb="GetRecord" identifier="oai:www.recercat.cat:2445/183147" metadataPrefix="marc">https://recercat.cat/oai/request</request><GetRecord><record><header><identifier>oai:recercat.cat:2445/183147</identifier><datestamp>2025-12-05T10:14:29Z</datestamp><setSpec>com_2072_1057</setSpec><setSpec>col_2072_478856</setSpec><setSpec>col_2072_478917</setSpec></header><metadata><record xmlns="http://www.loc.gov/MARC21/slim" xmlns:dcterms="http://purl.org/dc/terms/" xmlns:xsi="http://www.w3.org/2001/XMLSchema-instance" xmlns:doc="http://www.lyncode.com/xoai" xsi:schemaLocation="http://www.loc.gov/MARC21/slim http://www.loc.gov/standards/marcxml/schema/MARC21slim.xsd">
   <leader>00925njm 22002777a 4500</leader>
   <datafield ind2=" " ind1=" " tag="042">
      <subfield code="a">dc</subfield>
   </datafield>
   <datafield ind2=" " ind1=" " tag="720">
      <subfield code="a">Mañé Estrada, Aurèlia</subfield>
      <subfield code="e">author</subfield>
   </datafield>
   <datafield ind2=" " ind1=" " tag="260">
      <subfield code="c">2022-02-15T19:01:50Z</subfield>
   </datafield>
   <datafield ind2=" " ind1=" " tag="260">
      <subfield code="c">2022-02-15T19:01:50Z</subfield>
   </datafield>
   <datafield ind2=" " ind1=" " tag="260">
      <subfield code="c">2021-11</subfield>
   </datafield>
   <datafield ind2=" " ind1=" " tag="260">
      <subfield code="c">2022-02-15T19:01:50Z</subfield>
   </datafield>
   <datafield ind2=" " ind1=" " tag="520">
      <subfield code="a">L'article analitza la geopolítica de l'energia en el marc del sistema capitalista des d'una perspectiva històrica. En la primera secció, explica el naixement de la geopolítica de l'energia (una determinada geografia de l'energia i relacions entre els estats), i argumenta que aquest és un fet associat amb l'energia fòssil i que es fonamenta en el manteniment de l'hegemonia, per mor del control territorial de les fonts energètiques (o fluxos energètics) i la seva mercantilització. Desprès d'un breu repàs per la geopolítica del petroli, l'article especula sobre quina podria ser la geopolítica de les renovables en el capitalisme del segle XXI. La principal conclusió és que, a causa de les característiques intrínseques de les fonts renovables, el tipus de geopolítica que s'estableixi serà el fruit d'una elecció. La qüestió és si aquesta elecció anirà encaminada també a utilitzar les relacions energètiques internacionals com a substrat per a l'hegemonia mundial i el finançament del sistema.</subfield>
   </datafield>
   <datafield tag="653" ind2=" " ind1=" ">
      <subfield code="a">Geopolítica</subfield>
   </datafield>
   <datafield tag="653" ind2=" " ind1=" ">
      <subfield code="a">Energies renovables</subfield>
   </datafield>
   <datafield tag="653" ind2=" " ind1=" ">
      <subfield code="a">Capitalisme</subfield>
   </datafield>
   <datafield tag="653" ind2=" " ind1=" ">
      <subfield code="a">Geopolitics</subfield>
   </datafield>
   <datafield tag="653" ind2=" " ind1=" ">
      <subfield code="a">Renewable energy sources</subfield>
   </datafield>
   <datafield tag="653" ind2=" " ind1=" ">
      <subfield code="a">Capitalism</subfield>
   </datafield>
   <datafield ind2="0" ind1="0" tag="245">
      <subfield code="a">La geopolítica de les renovables en el capitalisme del segle XXI</subfield>
   </datafield>
</record></metadata></record></GetRecord></OAI-PMH>